The emperor's new clothes

Bibliographic Details
Format: Book
Published: India : Om Books International 2015
Series:All set to read series Level 5
Subjects:

MARC

LEADER 00000cam a2200000 7i4500
001 0000094252
005 20240901105231.0
020 |a 9789384625160 (  |q paperback) 
040 |e rda 
041 |a English 
090 0 0 |a JF   |b ENG 
245 0 4 |a The emperor's new clothes 
264 1 |a India :   |b Om Books International   |c 2015 
300 |a 32 pages :   |b colour illustration ;   |c 22 cm. 
336 |a text  |2 rdacontent 
337 |a unmediated  |2 rdamedia 
338 |a volume  |2 rdacarrier 
490 1 |a All set to read series   |v Level 5 
500 |a Children ages 7-9 years old (orange) 
541 |c Purchased on 2024   |f 2116-24 ARI   |h RM27.50 
650 0 |a Children's stories,English 
999 |a 0001800173   |b Book   |c Children Collection   |e Perbadanan Perpustakaan Awam Johor 
999 |a 0001800174   |b Book   |c Children Collection   |e Cawangan Urban Transformation Centre 
999 |a 0001800175   |b Book   |c Children Collection   |e Cawangan AEON Kulaijaya 
999 |a 0001800176   |b Book   |c Children Collection   |e Cawangan Taman Universiti 
999 |a 0001800177   |b Book   |c Children Collection   |e Perbadanan Perpustakaan Awam Johor 
999 |a 0001800178   |b Book   |c Children Collection   |e Perbadanan Perpustakaan Awam Johor 
999 |a 0001800179   |b Book   |c Children Collection   |e Perbadanan Perpustakaan Awam Johor 
999 |a 0001800180   |b Book   |c Children Collection   |e Perbadanan Perpustakaan Awam Johor 
999 |a 0001800181   |b Book   |c Children Collection   |e Perbadanan Perpustakaan Awam Johor 
999 |a 0001800182   |b Book   |c Children Collection   |e Perbadanan Perpustakaan Awam Johor 
999 |a 0001800183   |b Book   |c Children Collection   |e Perbadanan Perpustakaan Awam Johor 
999 |a 0001800184   |b Book   |c Children Collection   |e Perbadanan Perpustakaan Awam Johor 
999 |a 0001800185   |b Book   |c Children Collection   |e Perbadanan Perpustakaan Awam Johor 
999 |a 0001800186   |b Book   |c Children Collection   |e Perbadanan Perpustakaan Awam Johor 
999 |a 0001800187   |b Book   |c Children Collection   |e Perbadanan Perpustakaan Awam Johor 
999 |a 0001800188   |b Book   |c Children Collection   |e Perbadanan Perpustakaan Awam Johor 
999 |a 0001800189   |b Book   |c Children Collection   |e Perbadanan Perpustakaan Awam Johor 
999 |a 0001800920   |b Book   |c Children Collection   |e Desa - PPAJ 
999 |a 0001800921   |b Book   |c Children Collection   |e Desa - PPAJ 
999 |a 0001800922   |b Book   |c Children Collection   |e Desa - PPAJ 
999 |a 0001800923   |b Book   |c Children Collection   |e Desa - PPAJ 
999 |a 0001800924   |b Book   |c Children Collection   |e Desa - PPAJ 
999 |a 0001800925   |b Book   |c Children Collection   |e Desa - PPAJ 
999 |a 0001800926   |b Book   |c Children Collection   |e Desa - PPAJ 
999 |a 0001800927   |b Book   |c Children Collection   |e Desa - PPAJ 
999 |a 0001800928   |b Book   |c Children Collection   |e Desa - PPAJ 
999 |a 0001800929   |b Book   |c Children Collection   |e Desa - PPAJ 
999 |a 0001800930   |b Book   |c Children Collection   |e Desa - PPAJ 
999 |a 0001800931   |b Book   |c Children Collection   |e Desa - PPAJ 
999 |a 0001800932   |b Book   |c Children Collection   |e Desa - PPAJ 
999 |a 0001800933   |b Book   |c Children Collection   |e Desa - PPAJ 
999 |a 0001800934   |b Book   |c Children Collection   |e Desa - PPAJ 
999 |a 0001800935   |b Book   |c Children Collection   |e Desa - PPAJ 
999 |a 0001800936   |b Book   |c Children Collection   |e Desa - PPAJ 
999 |a 0001800937   |b Book   |c Children Collection   |e Desa - PPAJ 
999 |a 0001800938   |b Book   |c Children Collection   |e Desa - PPAJ 
999 |a 0001800939   |b Book   |c Children Collection   |e Desa - PPAJ 
999 |a 0001800940   |b Book   |c Children Collection   |e Desa - PPAJ 
999 |a 0001800941   |b Book   |c Children Collection   |e Desa - PPAJ 
999 |a 0001800942   |b Book   |c Children Collection   |e Desa - PPAJ 
999 |a 0001800943   |b Book   |c Children Collection   |e Desa - PPAJ 
999 |a 0001800944   |b Book   |c Children Collection   |e Desa - PPAJ 
999 |a 0001800945   |b Book   |c Children Collection   |e Desa - PPAJ 
999 |a 0001800946   |b Book   |c Children Collection   |e Desa - PPAJ 
999 |a 0001800947   |b Book   |c Children Collection   |e Desa - PPAJ 
999 |a 0001800948   |b Book   |c Children Collection   |e Desa - PPAJ 
999 |a 0001800949   |b Book   |c Children Collection   |e Desa - PPAJ 
999 |a 0001800950   |b Book   |c Children Collection   |e Desa - PPAJ 
999 |a 0001800951   |b Book   |c Children Collection   |e Desa - PPAJ 
999 |a 0001800952   |b Book   |c Children Collection   |e Desa - PPAJ 
999 |a 0001800953   |b Book   |c Children Collection   |e Desa - PPAJ 
999 |a 0001800954   |b Book   |c Children Collection   |e Desa - PPAJ 
999 |a 0001800955   |b Book   |c Children Collection   |e Desa - PPAJ 
999 |a 0001800956   |b Book   |c Children Collection   |e Desa - PPAJ 
999 |a 0001800957   |b Book   |c Children Collection   |e Desa - PPAJ 
999 |a 0001800958   |b Book   |c Children Collection   |e Desa - PPAJ 
999 |a 0001800959   |b Book   |c Children Collection   |e Desa - PPAJ 
999 |a 0001800960   |b Book   |c Children Collection   |e Desa - PPAJ